Statistics for Easy General Knowledge #2

Click here to take the quiz!

General Stats

  • This quiz has been taken 455 times
  • The average score is 5 of 10

Answer Stats

HintAnswer% Correct
Number of CommandmentsTen
90%
First Letter of the Greek AlphebetAlpha
89%
Collect rent from railroads and houses on this board gameMonopoly
74%
Company that sued Samsung in 2012Apple
51%
Game System that Includes KinectXBox
47%
40th US PresidentReagan
34%
Current Duchess of EnglandKate Middleton
33%
First GospelMatthew
30%
This character Is as "cuddly as a cactus" and as "charming as an eel"Mr. Grinch
20%
Only President who served two nonconsecutive termsGrover Cleveland
13%

Score Distribution

Percentile by Number Answered

Percent of People with Each Score

Your Score History

You have not taken this quiz